000 00983nam a2200313 4500
001 0001938365
003 DO-SdBNP
005 20240829114631.0
007 0001938365
008 040430s1991 sp | ||| ||spa
017 _a
020 _a8496246469
040 _aBPMSU
_bspa
_cBPMSU
_e
041 1 _aspa
_h
082 4 _a833.91
_bM466t 2004
_222
100 1 _aMay, Karl,
_d1842-1912.
_4
245 1 3 _aEl tesoro del lago de la Plata /
_cKarl May ; traducción, María Dolores Avalos y María Luisa Delgado
_h
260 _aMadrid :
_bEl País,
_c2004
300 _a462 p. ;
_c20 cm.
490 0 _aEl País;
_aaventuras,
_v37
534 _pTítulo original :
_tDer schatz im silberse.
590 _aInventariado, 2024/VM
650 4 _aCuentos juveniles alemanes.
700 1 _aÁbalos, María Dolores,
_4traductor
700 1 _aDelgado, Maria Luisa
_etraductor
830 0 _aEl País, aventuras
_v37
910 _aVMateo V. Control de calidad. BPMSU
942 _2ddc
_cBK
999 _c9034
_d9034